Teknologi pintar (IoT)
| Main Author: | |
|---|---|
| Format: | Book |
| Published: |
Cheras, Selangor :
Arena Educational Supply ,
2020
|
| Series: | Engineering
Juvenile literature Internet of things Juvenile literature |
MARC
| LEADER | 00000cam a2200000 7i4500 | ||
|---|---|---|---|
| 001 | 0000278366 | ||
| 005 | 20201001152451.0 | ||
| 020 | |a 9789672369059 | ||
| 090 | 0 | 0 | |a 620 |b MOH |
| 100 | 0 | |a Mohd. Faid Abdullah | |
| 245 | 1 | 0 | |a Teknologi pintar (IoT) |c Mohd Faid Abdullah |
| 260 | |a Cheras, Selangor : |b Arena Educational Supply , |c 2020 | ||
| 300 | |a 48p. ; |c 29cm. | ||
| 490 | 0 | |a Engineering |v Juvenile literature | |
| 490 | 0 | |a Internet of things |v Juvenile literature | |
| 999 | |a 00377361 |b BUKU |c JUNIOR BOOKS |e PERPUSTAKAAN KOMUNITI PETALING JAYA | ||